Guess the Taylor Swift Song (no hints) 61 - Statistics

General Stats
  • This quiz has been taken 95 times
  • The average score is 241 of 297
Answer Stats
Answer % Correct
I
100%
the
100%
The
100%
a
98%
me
98%
be
95%
it
95%
my
95%
My
95%
of
95%
on
95%
that
95%
you
95%
You
95%
by
93%
can
93%
In
93%
in
93%
It's
93%
there
93%
this
93%
your
93%
and
91%
And
91%
as
91%
have
91%
is
91%
see
91%
who
91%
You're
91%
All
89%
been
89%
don't
89%
for
89%
no
89%
not
89%
one
89%
out
89%
So
89%
to
89%
can't
86%
From
86%
from
86%
know
86%
never
86%
we're
86%
were
86%
what
86%
always
84%
could
84%
he
84%
just
84%
Just
84%
Like
84%
they
84%
away
82%
'Cause
82%
didn't
82%
hear
82%
if
82%
make
82%
own,
82%
take
82%
Take
82%
them
82%
with
82%
I'd
80%
kid
80%
say
80%
I'll
77%
stay
77%
wait
77%
ashes
75%
best
75%
fireplace
75%
friends
75%
got
75%
There's
75%
took
75%
went
75%
days
73%
dream
73%
face
73%
getting
73%
gonna
73%
saw
73%
splashes
73%
sprinkler
73%
You've
73%
body
70%
He's
70%
party
70%
play
70%
Something
70%
something
70%
Summer
70%
Yeah,
70%
better
68%
boys
68%
bridges
68%
burned
68%
choose
68%
funny,
68%
home
68%
money
68%
okay,
68%
town
68%
voice
68%
jokes
66%
kiss
66%
learn
66%
loves
66%
notice
66%
pages
66%
saved
66%
step
66%
turned
66%
weren't
66%
afraid
64%
aren't
64%
around
64%
blood,
64%
cared
64%
cool
64%
Everything
64%
friendship
64%
looked
64%
lose
64%
moment
64%
patiently
64%
perfect
64%
reason
64%
search
64%
smoking
64%
starved
64%
Still,
64%
bloomed
61%
bodies
61%
bracelets
61%
Daisy
61%
different
61%
hosted
61%
long,
61%
room
61%
touch
61%
ages
59%
gave
59%
May
59%
parties
59%
rare
59%
run
59%
sweat,
59%
taste
59%
tears
59%
waited
59%
yearning
59%
blood-soaked
57%
dreams
57%
escape
57%
gown
57%
great
57%
petals,
57%
phone
57%
picked
57%
songs
57%
Anyway
55%
called
55%
lot
55%
parking
55%
taxi
55%
Writing
52%
stays
50%
No matching quizzes found
Score Distribution
Percent of People with Each Score
Percentile by Number Answered
Your Score History
You have not taken this quiz